Русский язык. Задание 9 (Запись № 13618916)

Подробности
000 -МАРКЕР
контрольное поле 01196nam2a2200253 4500
001 - ИДЕНТИФИКАТОР ЗАПИСИ
контрольное поле rc\3019205
005 - ИДЕНТИФИКАТОР ВЕРСИИ
контрольное поле 20260315064555.0
035 ## - ДРУГИЕ СИСТЕМНЫЕ НОМЕРА
Идентификатор записи (NLR Aleph) 007161373
100 ## - ДАННЫЕ ОБЩЕЙ ОБРАБОТКИ
Данные общей обработки 20080225d1935 u y0rusy50 ca
101 0# - ЯЗЫК РЕСУРСА
Язык текста, звукозаписи и т.д. русский
102 ## - СТРАНА ПУБЛИКАЦИИ ИЛИ ПРОИЗВОДСТВА
Страна публикации Российская Федерация
105 ## - ПОЛЕ КОДИРОВАННЫХ ДАННЫХ: ТЕКСТОВЫЕ МАТЕРИАЛЫ, МОНОГРАФИЧЕСКИЕ
Кодированные данные о монографическом текстовом документе y z |||||
200 0# - ЗАГЛАВИЕ И СВЕДЕНИЯ ОБ ОТВЕТСТВЕННОСТИ
Основное заглавие Задание 9
210 ## - ПУБЛИКАЦИЯ, РАСПРОСТРАНЕНИЕ И ДР.
Дата издания, распространения и т.д. 1935
215 ## - ФИЗИЧЕСКАЯ ХАРАКТЕРИСТИКА
Специфическое обозначение материала и объем Тит. л., 19 с.
Размеры 20×13 см
300 ## - ОБЩИЕ ПРИМЕЧАНИЯ
Текст примечания В выпускных данных: Сост. Л. Якушевич
461 #0 - УРОВЕНЬ НАБОРА
Встроенное поле 001rc\3019201
-- 2000#$aРусский язык$fЛенингр. коммунист. ин-т журналистики им. В.В. Воровского$vЗадание 9
Системный номер (АБИС) связанной записи 7252507
Автор Коммунистический институт журналистики им. В.В.Воровского (Ленинград)
Место публикации Ленинград
Дата публикации 1932-1935
Первые сведения об ответственности Ленинградский коммунистический институт журналистики имени В. В. Воровского
Имя издателя, распространителя и т.д. [б. и.]
Заглавие Русский язык
Номер тома Задание 9
702 #1 - ИМЯ ЛИЦА - ВТОРИЧНАЯ ОТВЕТСТВЕННОСТЬ
Начальный элемент ввода Якушевич
Часть имени, кроме начального элемента ввода Л.
Код отношения Составитель
801 #0 - ИСТОЧНИК ЗАПИСИ
Страна Российская Федерация
Организация NLR
Правила каталогизации psbo
801 #1 - ИСТОЧНИК ЗАПИСИ
Страна Российская Федерация
Организация ELAR
Источник данных rusmarc
852 ## - МЕСТОНАХОЖДЕНИЕ И ШИФР ХРАНЕНИЯ
Идентификатор организации NLR
Шифр хранения (Call Number) 32-15/168(9)
942 ## - ДОПОЛНИТЕЛЬНЫЕ ЭЛЕМЕНТЫ ЗАПИСИ (АБИС)
Тип экземпляра АБИС Неопределено
980 ## - КОЛЛЕКЦИЯ
Название коллекции Национальная библиография

Нет доступных экземпляров.